Los Angeles Rams Super Bowl LVI Starters - Statistics

General Stats
  • This quiz has been taken 198 times
  • The average score is 13 of 25
Answer Stats
O/D/ST Pos. # Player % Correct
O QB 9 Matthew Stafford
99%
O WR 10 Cooper Kupp
98%
D DT 99 Aaron Donald
94%
O WR 3 Odell Beckham Jr.
87%
O RB 23 Cam Akers
81%
D CB 5 Jalen Ramsey
81%
O WR 12 Van Jefferson
72%
ST K 8 Matt Gay
64%
O T 77 Andrew Whitworth
61%
D LB 40 Von Miller
57%
ST P 6 Johnny Hekker
51%
D CB 11 Darious Williams
43%
O T 79 Rob Havenstein
43%
D LB 54 Leonard Floyd
40%
D S 20 Eric Weddle
39%
O C 55 Brian Allen
36%
D LB 50 Ernest Jones
36%
O TE 86 Kendall Blanton
32%
D NT 91 Greg Gaines
30%
D LB 51 Troy Reeder
26%
O G 63 Austin Corbett
25%
D S 33 Nick Scott
21%
O G 73 David Edwards
19%
D CB 22 David Long Jr.
16%
ST LS 42 Matthew Orzech
15%
No matching quizzes found
Score Distribution
Percent of People with Each Score
Percentile by Number Answered
Your Score History
You have not taken this quiz